000 00228nam a2200097Ia 4500
001 918449
005 20250826185932.0
008 250824s9999 xx 000 0 und d
245 0 _aÖLÜ CANLAR
_cGOGOL
260 _bANONİM YAYINLARI
999 _c918449
_d918449